书目信息 |
| 题名: |
农作物种子检验员技术培训与考核管理
|
|
| 作者: | 范伟 编著 | |
| 分册: | ||
| 出版信息: | 北京 当代中国音像出版社 2005.03 |
|
| 页数: | 330页 | |
| 开本: | 19cm | |
| 丛书名: | ||
| 单 册: | ||
| 中图分类: | S5 | |
| 科图分类: | ||
| 主题词: | 作物 | |
| 电子资源: | ||
| ISBN: | 7-900108-47-5 | |
| 000 | 00787nam0 2200205 450 | |
| 001 | 0757790673 | |
| 005 | 20080106161658.28 | |
| 010 | @a7-900108-47-5@dCNY38.00 | |
| 100 | @a20071228d2005 km y0chiy0120 ea | |
| 101 | 0 | @achi |
| 200 | 1 | @a农作物种子检验员技术培训与考核管理@Anong zuo wu zhong zi jian yan yuan ji shu pei xun yu kao he guan li@e农作物种子检验员考核管理办法宣贯手册@f范伟编著@Ffan wei bian zhu |
| 210 | @a北京@c当代中国音像出版社@d2005.03 | |
| 215 | @a330页@d19cm@eCD 1张 | |
| 517 | 1 | @a农作物种子检验员考核管理办法宣贯手册@Anong zuo wu zhong zi jian yan yuan kao he guan li ban fa xuan guan shou ce |
| 606 | 0 | @a作物 |
| 690 | @aS5@v4 | |
| 701 | 0 | @a范伟@Afan wei@4编著 |
| 801 | 0 | @aCN@b大连网信软件有限公司图书馆@c20080106 |
| 905 | @aBZT@dS5@e1 | |
| 906 | @dCNY38.00@n0@r1 | |
| 农作物种子检验员技术培训与考核管理:农作物种子检验员考核管理办法宣贯手册/范伟编著.-北京:当代中国音像出版社,2005.03 |
| 330页;19cm+CD 1张 |
| ISBN 7-900108-47-5:CNY38.00 |
| ● |
| 相关链接 |
|
|
|
正题名:农作物种子检验员技术培训与考核管理
索取号:S5/1
 
预约/预借
| 序号 | 登录号 | 条形码 | 馆藏地/架位号 | 状态 | 备注 |
| 1 | 620180 | 2000620180 | 中心书库中库/ 中库033架A面4列6层21/ [索取号:S5/1] | 在馆 | |
| 2 | 620181 | 2000620181 | 中心书库中库/ 中库033架A面4列6层20/ [索取号:S5/1] | 在馆 | |
| 3 | 620182 | 2000620182 | 中心书库中库/ 中库033架A面4列6层19/ [索取号:S5/1] | 在馆 | |
| 4 | 620183 | 2000620183 | 中心书库中库/ 中库033架A面4列6层3/ [索取号:S5/1] | 在馆 | |
| 5 | 620184 | 2000620184 | 中心书库中库/ 中库033架A面4列6层4/ [索取号:S5/1] | 在馆 | |
| 6 | 620185 | 2000620185 | 中心书库中库/ 中库033架A面4列6层5/ [索取号:S5/1] | 在馆 | |
| 7 | 620186 | 2000620186 | 中心书库中库/ 中库033架A面4列6层6/ [索取号:S5/1] | 在馆 | |
| 8 | 620187 | 2000620187 | 中心书库中库/ 中库033架A面4列6层7/ [索取号:S5/1] | 在馆 | |
| 9 | 620188 | 2000620188 | 中心书库中库/ 中库033架A面4列6层17/ [索取号:S5/1] | 在馆 | |
| 10 | 620189 | 2000620189 | 中心书库中库/ 中库033架A面4列6层18/ [索取号:S5/1] | 在馆 | |
| 11 | 709522 | 2000709522 | 中心书库中库/ 中库033架A面4列6层2/ [索取号:S5/1] | 在馆 | |
| 12 | 709523 | 2000709523 | 中心书库中库/ 中库033架A面4列6层8/ [索取号:S5/1] | 在馆 | |
| 13 | 709524 | 2000709524 | 中心书库中库/ 中库033架A面4列6层13/ [索取号:S5/1] | 在馆 | |
| 14 | 709525 | 2000709525 | 中心书库中库/ 中库033架A面4列6层14/ [索取号:S5/1] | 在馆 | |
| 15 | 709526 | 2000709526 | 中心书库中库/ 中库033架A面4列6层16/ [索取号:S5/1] | 在馆 | |
| 16 | 709527 | 2000709527 | 中心书库中库/ 中库033架A面4列6层12/ [索取号:S5/1] | 在馆 | |
| 17 | 709528 | 2000709528 | 中心书库中库/ 中库033架A面4列6层15/ [索取号:S5/1] | 在馆 | |
| 18 | 709529 | 2000709529 | 中心书库中库/ 中库033架A面4列6层1/ [索取号:S5/1] | 在馆 | |
| 19 | 709530 | 2000709530 | 中心书库中库/ 中库033架A面4列6层11/ [索取号:S5/1] | 在馆 | |
| 20 | 709531 | 2000709531 | 中心书库中库/ 中库033架A面4列6层9/ [索取号:S5/1] | 在馆 |